000 00613nam a2200217Ia 4500
008 160303s9999 xx 000 0 und d
020 _a971-08-6150-6
050 _aFIL KPM 2790
050 _b.H37 2001
100 _aHarina, Ricardo M.
245 _aTaxation :
245 _bcomprehensive daily review and self-test for CPA Reviewees /
245 _cRicardo M. Harina.
260 _aMandaluyong:
260 _bNational Book Store,
260 _c2001
300 _a188 pages :
300 _billustrations ;
300 _c26 cm.
650 _aTaxation -- Philippines -- Examinations, questions, etc.
999 _c291349
_d291349